[Event "Barcelona Sant Marti op 04th"]
[Site "Barcelona"]
[Date "2002.05.04"]
[Round "5.27"]
[White "Castellano Egea, Einar"]
[Black "Munoz Jarque, Jose"]
[Result "1-0"]
[WhiteElo "1775"]
[BlackElo "1855"]
[PlyCount "69"]
[EventDate "2002.04.06"]
[EventType "swiss"]
[EventRounds "9"]
[EventCountry "ESP"]
[SourceTitle "EXT 2003"]
[Source "ChessBase"]
[SourceDate "2002.11.25"]
[SourceVersion "1"]
[SourceVersionDate "2002.11.25"]
[SourceQuality "1"]

1. e4 c5 2. c3 Nc6 3. d4 cxd4 4. cxd4 Qa5+ 5. Bd2 Qb6 6. Bc3 e6 7. Nf3 Nf6 8. Bd3 Bb4 9. Qd2 0-0 10. 0-0 a5 11. Re1 d6 12. a3 Bxc3 13. bxc3 e5 14. d5 Ne7 15. h3 Ng6 16. Ra2 Qd8 17. Rb2 b6 18. Bb5 Nh5 19. a4 Nhf4 20. Bf1 Rb8 21. Na3 Nh4 22. Qe3 Nxf3+ 23. Qxf3 Qg5 24. Qg3 Qh6 25. Nc4 f5 26. Rxb6 Rxb6 27. Nxb6 fxe4 28. Nxc8 Rxc8 29. Rxe4 Nxd5 30. Bc4 Qc1+ 31. Kh2 Rc5 32. Qd3 Rxc4 33. Qxd5+ Kf8 34. Rxc4 Qa3 35. Rc7 1-0

[Event "Barcelona Sant Marti op 04th"]
[Site "Barcelona"]
[Date "2002.04.20"]
[Round "3.36"]
[White "Bermejo Diaz, Antonio"]
[Black "Munoz Jarque, Jose"]
[Result "1-0"]
[WhiteElo "1700"]
[BlackElo "1865"]
[PlyCount "143"]
[EventDate "2002.04.06"]
[EventType "swiss"]
[EventRounds "9"]
[EventCountry "ESP"]
[SourceTitle "EXT 2003"]
[Source "ChessBase"]
[SourceDate "2002.11.25"]
[SourceVersion "1"]
[SourceVersionDate "2002.11.25"]
[SourceQuality "1"]

1. e4 c5 2. Nf3 Nc6 3. Bc4 Na5 4. d3 g6 5. 0-0 Bg7 6. Na3 Nf6 7. e5 Ng4 8. Bxf7+ Kf8 9. h3 Nxe5 10. Nxe5 Bxe5 11. Qf3 Bf6 12. Bc4 Kg7 13. Qf4 d5 14. Bb3 a6 15. c4 Nxb3 16. axb3 Rf8 17. Qh6+ Kg8 18. cxd5 Qxd5 19. Nc4 b5 20. Nb6 Qc6 21. Nxa8 Bb7 22. f3 Bd4+ 23. Be3 Bg7 24. Qg5 Bf6 25. Qg4 Rxa8 26. Rac1 Qd5 27. Rxc5 Qxd3 28. Qe6+ Kf8 29. Rc7 Bd5 30. Bh6+ Ke8 31. Qd7+ Kf7 32. Rcc1 Qxb3 33. Kh1 Be6 34. Qd2 Qa4 35. Bg5 Bxg5 36. Qxg5 Qb3 37. Qh6 Kg8 38. Rc7 Qb4 39. Qg5 Re8 40. Rb1 Qd6 41. Qc5 Qxc5 42. Rxc5 Ra8 43. Ra1 Bc4 44. b4 Kf7 45. Kh2 h5 46. Re1 a5 47. bxa5 Rxa5 48. Kg3 Ra4 49. f4 Ra3+ 50. Kh4 Rb3 51. f5 Bd3 52. fxg6+ Bxg6 53. Rf1+ Ke6 54. Rc6+ Kd5 55. Rxg6 Re3 56. Rd1+ Kc4 57. Rc6+ Kb3 58. Rb6 Kb4 59. Rb1+ Kc3 60. R1xb5 Kd2 61. Rb2+ Ke1 62. Rb1+ Kf2 63. R6b2+ Re2 64. Rxe2+ Kxe2 65. g4 e5 66. gxh5 e4 67. h6 Kf2 68. h7 e3 69. h8Q Kf3 70. Qf8+ Ke2 71. Qf1+ Kd2 72. Qd1+ 1-0

[Event "UGA Inverno op"]
[Site "Barcelona"]
[Date "2002.??.??"]
[Round "1"]
[White "Munoz Jarque, Jose"]
[Black "Planella Sanchez, Jordi"]
[Result "0-1"]
[WhiteElo "1855"]
[BlackElo "2120"]
[PlyCount "67"]
[EventDate "2002.01.21"]
[EventType "swiss"]
[EventRounds "7"]
[EventCountry "ESP"]
[SourceTitle "EXT 2003"]
[Source "ChessBase"]
[SourceDate "2002.11.25"]
[SourceVersion "1"]
[SourceVersionDate "2002.11.25"]
[SourceQuality "1"]

1. e4 d5 2. exd5 Qxd5 3. Nc3 Qd8 4. Bc4 Nf6 5. Nf3 Bf5 6. 0-0 e6 7. d3 c6 8. Re1 Be7 9. Bg5 0-0 10. Ne4 Nbd7 11. h3 b5 12. Bb3 Qb6 13. Nxf6+ Bxf6 14. Bxf6 Nxf6 15. Ne5 Rad8 16. Qf3 Rd6 17. Qg3 Rfd8 18. Ng4 Bxg4 19. hxg4 Rd4 20. Re2 Rxg4 21. Qf3 Rg5 22. a4 b4 23. a5 Qc7 24. g3 Nh5 25. Re3 Nf6 26. a6 Qb6 27. Qf4 Rf5 28. Qh4 Rh5 29. Qc4 Rd4 30. Qxe6 fxe6 31. Rxe6 Kf8 32. Rae1 Qxa6 33. Re8+ Nxe8 34. Rxe8+ 0-1